000 00295nam a22001337a 4500
008 181101b xxu||||| |||| 00| 0 eng d
020 _a0898792118
041 _aeng
080 _a370
100 _a48
101 _aEDU
245 _aPinkerts Practice Grammar
_cRobert.C.P
942 _2udc
_cBK
999 _c51493
_d51493